Central Library OPAC University of Rajshahi

একাঙ্ক নাট্য সংগ্রহ / (Record no. 48346)

MARC details
000 -LEADER
fixed length control field 00905nam a22002297a 4500
001 - CONTROL NUMBER
control field 48346
003 - CONTROL NUMBER IDENTIFIER
rucl marc code BD-RjUL
005 - DATE AND TIME OF LATEST TRANSACTION
control field 20211209054515.0
008 - FIXED-LENGTH DATA ELEMENTS--GENERAL INFORMATION
fixed length control field 160813s1988 ii ||||| |||| 00| 0 ben d
020 ## - INTERNATIONAL STANDARD BOOK NUMBER
Terms of availability : TK 60.00
035 ## - SYSTEM CONTROL NUMBER
System control number (BD-RjUL)48465
040 ## - CATALOGING SOURCE
Original cataloging agency BD-RjUL
Language of cataloging ben
Transcribing agency BD-RjUL
041 ## - LANGUAGE CODE
Language code of text/sound track or separate title ben
082 ## - DEWEY DECIMAL CLASSIFICATION NUMBER
Edition number 23
Classification number 891.44208
Author mark and year CHE 1988
100 1# - MAIN ENTRY--PERSONAL NAME
Personal name চট্টোপাধ্যায়, মোহিত
9 (RLIN) 146335
245 10 - TITLE STATEMENT
Title একাঙ্ক নাট্য সংগ্রহ /
Statement of responsibility, etc. মোহিত চট্টোপাধ্যায়
260 ## - PUBLICATION, DISTRIBUTION, ETC. (IMPRINT)
Place of publication, distribution, etc. কলকাতা :
Name of publisher, distributor, etc. পুস্তক বিপণি,
Date of publication, distribution, etc. ১৯৮৮.
300 ## - PHYSICAL DESCRIPTION
Pagination [৫], ২৪০ পৃ. ;
Size ২২ সেমি.
650 ## - SUBJECT ADDED ENTRY--TOPICAL TERM
Topical term or geographic name as entry element বাংলা সাহিত্য - নাটক
Form subdivision বিবিধ রচনা
9 (RLIN) 146336
Topical term or geographic name as entry element Bangali Literature--drama
Form subdivision Miscellaneous writings
9 (RLIN) 146337
942 ## - ADDED ENTRY ELEMENTS (KOHA)
Source of classification or shelving scheme Dewey Decimal Classification
Koha item type Books
Holdings
Lost status Source of classification or shelving scheme Damaged status Not for loan Collection code Permanent Location Current Location Shelving location Date acquired Source of acquisition Cost, normal purchase price Total Checkouts Full call number Date last seen Date checked out Copy number Koha item type
  Dewey Decimal Classification     Non-fiction Central Library, University of Rajshahi Central Library, University of Rajshahi   02/01/1997 অংকুর প্রঃ, ঢাকা 60.00 1 B 891.44208 CHE 1988 06/11/2016 01/11/2016 C-2 Books